LEADER 00828naa a2200205 u 4500 001 000000096898 003 CaOOAMICUS 005 20070226130148.0 008 050215s1970 it u000 u ita u 035 $a11027854 040 $aIAR$bita 100 1 $aAles Bello, Angela,$d1939-$0(OLS)http://pul/name/22845 245 10$aNeutralizzazione e filosofia nella fenomenologia di Husserl /$cAngela Ales Bello. 260 $aParma :$bStudium Parmense,$c1970. 300 $aS. 169-196 ;$c25 cm 773 0 $aAporie della filosofia contemporanea. 773 0 $tQuaderni di Filosofia (Studium Parmense)$g4 773 0 $tAporie della filosofia contemporanea$w()58414 996 $6245$aNeutralizzazione e filosofia nella fenomenologia di Husserl$9(OLS)http://pul/title/123780 996 $6260$aParma :$bStudium Parmense$9(OLS)http://pul/publisher/69637 LEADER 01131nam a2200277 u 4500 001 000000080574 003 CaOOAMICUS 005 20070226123649.0 008 041222s2001 fr u000 u fre u 020 $a2130515967 035 $a11020569 040 $aPUL$bita 100 1 $aBeyssade, Jean-Marie.$0(OLS)http://pul/name/43313 245 10$aDescartes au fil de l'ordre /$cJean-Marie Beyssade. 260 $aParis :$bPresses Universitaires de France,$c2001. 300 $a328 p. ;$c22 cm 490 1 $aEpiméthée 504 $aComprende riferimenti bibliografici. 600 14$aDescartes, René,$d1596-1650$xCritica e interpretazione.$0(OLS)http://pul/subject/13248 830 0$aEpiméthée.$0(OLS)http://pul/title/13231 850 $aPUL 852 $aPUL$W1$xSL Filosofia 1$y2$m86 P 61$j102919$nBK-PRI$qStampati$B102919$CPULBib$Z2$F102919 $HPUL96789 $82 941 1 $a8 996 $6020$a2130515967$9(OLS)http://pul/number/106664 996 $6245$aDescartes au fil de l'ordre$9(OLS)http://pul/title/105516 996 $6260$aParis :$bPresses Universitaires de France$9(OLS)http://pul/publisher/47940